Science Quiz

Random Science or Animal Quiz

Endemic Animals: Madagascar Quiz Stats

 Plays Quiz not verified by Sporcle

Score 0/20 Timer 04:00
10 Plays Today
% Correct
Long-Eared Owl
90.7%
Tomato Frog
88.5%
Blue Cuoa
86%
Giant Jumping Rat
81.7%
Panther Chameleon
80.9%
Comet Moth
79.3%
Red Fody
78.3%
Yellow Headed Day Gecko
73.9%
Aye-aye
73.1%
Fossa
72.5%
% Correct
Giraffe Weevil
71.8%
Satanic Leaf-Tailed Gecko
69.9%
Coquerel's Sifaka Lemur
60%
Gerp's Mouse Lemur
56.1%
Pochard
54.4%
Indri
53.2%
Painted Mantella
50.2%
Lowland Streaked Tenrec
48.4%
Long-Tailed Ground-Roller
45.5%
Giant Swallowtail
42.2%

You're not logged in!

Compare scores with friends on all Sporcle quizzes.
OR
Log In

Show Comments

Extras

Top Quizzes Today


Score Distribution

Your Account Isn't Verified!

In order to create a playlist on Sporcle, you need to verify the email address you used during registration. Go to your Sporcle Settings to finish the process.

Report this User

Report this user for behavior that violates our Community Guidelines.

Details: